000 00467nam a2200169Ia 4500
999 _c11834
_d11834
003 OSt
005 20201014152313.0
008 190216s9999||||xx |||||||||||||| ||und||
040 _coclc
082 _a843.7
_bHUG/L
100 _aHugo, Victor
_94876
245 0 _aLess Miserables /
_cVictor Hugo
260 _bCosmo Publications,
_c1963.
_aBombay:
300 _a428p
650 _aEnglish Novel
942 _cBK
_2ddc
_h843.7
_iHUG/L
_k843.7
_mHUG/L